00474 a2200157 450000100060000008200150000609000170002110000300003824500390006826000380010730000140014550000170015994200250017699900190020195200960022092066 a297.35 ARS c44026d44025 aMolana Arsalan Bin Akhtar aMuqamat e Sahaba Ka Tasweeri Album aKarachibZam Zam Publishersc2014 a484p.bHb aGeneral Book aCAE NUSTk297.35 ARS c327139d327139 001040708NFICaCAEbCAEd2017-04-03l0o297.35 ARSpCAE88453r2017-04-05w2017-04-05yBK